| 000 | 00712cab a2200229 4500 | ||
|---|---|---|---|
| 001 | WB3237-41 | ||
| 008 | 090401t1996 xxu||||| |||| 00| 0 eng d | ||
| 035 | _a(Sirsi) u13788 | ||
| 041 | _aeng | ||
| 245 | _aCommonhold Bill | ||
| 260 | _c1996 | ||
| 350 | _a0 | ||
| 490 |
_aRICS Press Release _v(PR119.bill) 3 October 1996 (2) |
||
| 520 | _aThe RICS has responded to the consultation and draft Bill on Commonhold by saying that it will provide greater choice in the property market but provide new risk for leaseholders. | ||
| 650 | _aCOMMONHOLD BILL | ||
| 650 | _aLEASEHOLD | ||
| 650 | _aPROPERTY MARKET | ||
| 650 | _aRICS | ||
| 690 | _aPROPERTY LAW AND PRACTICE | ||
| 942 | _n0 | ||
| 948 | _c04/03/1997 | ||
| 999 |
_c8887 _d8887 |
||